000 00596nam a2200241 a 4500
001 nice12345678
003 IN_TiNIC
005 20260116012218.0
008 050524s1901 lona grp 000 0 eng
020 _a
_c100
082 0 0 _a274.2
_bSTE
100 _aStephens, W R W
245 _aEnglish Church from the Norman Conquest 1066-1272
260 _aLondon
_bMacmillan and Co.
_c1901
300 _a351p
500 _aincludes index and biblioraphy
505 2 _aAppendix
650 _aChurch-England
700 1 _aStephens, W R W
902 _bSRS
942 _cBK
999 _c6098
_d6098